Έτσι ... ισχυρίζεται ο Περέϊρα
Αποθηκεύτηκε σε:
| Κύριος συγγραφέας: | |
|---|---|
| Άλλοι συγγραφείς: | , |
| Μορφή: | Βιβλίο |
| Γλώσσα: | Greek Italian |
| Δημοσίευση: |
Αθήνα :
Ψυχογιός,
c1995.
|
| Σειρά: | Μεγάλοι σύγχρονοι λογοτέχνες
|
| Θέματα: | |
| Ετικέτες: |
Προσθήκη ετικέτας
Δεν υπάρχουν, Καταχωρήστε ετικέτα πρώτοι!
|
MARC
| LEADER | 00000cam a2200000 a 4500 | ||
|---|---|---|---|
| 001 | 1/124021 | ||
| 008 | 211202s1995####gr | ||| |||| ||gre|| | ||
| 020 | |a 9602741368 | ||
| 040 | |a GR-MyUa |b gre |c GR-MyUa |e AACR2 | ||
| 041 | 0 | |a gre |h ita | |
| 082 | 7 | |a 853 |2 (23) | |
| 100 | 1 | |a Tabucchi, Antonio, |d 1943-2012. | |
| 245 | 1 | 0 | |a Έτσι ... ισχυρίζεται ο Περέϊρα / |c Αντόνιο Ταμπούκι ; μετάφραση Ανταίος Χρυσοστομίδης ; επιμέλεια Αρετή Μπουκάλα. |
| 260 | |a Αθήνα : |b Ψυχογιός, |c c1995. | ||
| 300 | |a 205 σ. ; |c 21 εκ. | ||
| 490 | 1 | |a (Μεγάλοι σύγχρονοι λογοτέχνες) | |
| 500 | |3 Τίτλος πρωτοτύπου: Sostiene Pereira. | ||
| 650 | 0 | |a Italian fiction. | |
| 700 | 1 | |a Χρυσοστομίδης, Ανταίος, |d 1952-2015, |e trl | |
| 700 | 1 | |a Μπουκάλα, Αρετή, |e edtf | |
| 830 | 0 | |a Μεγάλοι σύγχρονοι λογοτέχνες | |
| 852 | |a INST |b LESVOS |e 20211202 |h 853 TAB |p 005100063785 |q 005100063785 |t BK |y 0 | ||
| 970 | |a Καμάτσου |b Δέσποινα |z 02-12-2021 | ||